Politics within nations /

Tallennettuna:
Bibliografiset tiedot
Päätekijä: LaPalombara, Joseph, 1925-
Aineistotyyppi: Kirja
Kieli:English
Julkaistu: Englewood Cliffs, N.J. : Prentice-Hall, [1975].
Sarja:Prentice-Hall contemporary comparative politics series
Aiheet:
LEADER 01121nam a2200277 i 4500
001 c000244301
003 CARM
005 00000000000000.0
008 840311s1975 nju 0 eng d
019 1 |a 436286  |z 41555522  |z 58085450  |5 LACONCORD2021 
020 |a 0136878148 
035 |a (OCoLC)828400  |5 LACONCORD2021 
082 0 4 |a 320.3 
100 1 |a LaPalombara, Joseph,  |d 1925- 
245 1 0 |a Politics within nations /  |c Joseph La Palombara. 
260 |a Englewood Cliffs, N.J. :  |b Prentice-Hall,  |c [1975]. 
300 |a 625 p. :  |b ill. 
440 0 |a Prentice-Hall contemporary comparative politics series 
504 |a Includes bibliographies. 
650 0 |a Comparative government. 
650 0 |a Political participation. 
852 8 |b CARM  |h A2:AQ34G0  |i C08592  |p 0333284  |f BK 
852 8 |b CARM  |h A1:AP37E0  |i C09435  |p 0357968  |f BK 
999 f f |i 05e2fbae-ab63-5f17-9097-6dbbace698f3  |s 7b3440d2-0983-5d30-bb68-ef9b9f17c5d1 
952 f f |p Can circulate  |a CAVAL  |b CAVAL  |c CAVAL  |d CARM 1 Store  |e C09435  |f A1:AP37E0  |h Other scheme  |i book  |m 0357968 
952 f f |p Can circulate  |a CAVAL  |b CAVAL  |c CAVAL  |d CARM 1 Store  |e C08592  |f A2:AQ34G0  |h Other scheme  |i book  |m 0333284